000 00745cam a2200217 4500
001 447
005 20241002153434.0
008 090422s2005 bt ab b 001 0 eng
010 _a 2009311131
020 _a9622177573
020 _a9789622177574
043 _aa-bt---
100 1 _aPommaret, Francoise.
245 1 0 _aBhutan :
_bHimalayan mountain kingdom /
_cFrancoise Pommaret ; photography by Francoise Pommaret ... [et al.] ; translated by Elisabeth B. Booz, Howard Solverson.
260 _aNew Delhi :
_bPragati Publications,
_c2006.
300 _a320 p. :
_bcol. ill., maps ;
_c22 cm.
504 _aIncludes bibliographical references (p. 301-305) and index.
651 0 _aBhutan
_vGuidebooks.
942 _2ddc
_cMAIN
999 _c361
_d361